01150nam a22003015i 450000100090000000300050000900500170001400800410003101000170007202000240008902000150011304000230012808200200015110000250017124500440019625000170024026300090025726400530026630000130031933600260033233700280035833800270038650502090041390600450062294200120066799900190067995201500069818945081NUST20221214083324.0160121s2016 inu 000 0 eng  a 2016931380 a9781119177210 (pbk) a1119177219 aDLCbengerdacDLC a794.8151023,BRE1 aBreen, Derek.99910510aDesigning digital games /cDerek Breen. a1st edition. a1603 1aIndianapolis, IN :bJohn Wiley and Sons.,c2016. apages cm atextbtxt2rdacontent aunmediatedbn2rdamedia avolumebnc2rdacarrier aIntroduction all about scratch (Page-2), Project 1. Design a classic videogame (Page-7), Project 2. Super snake (Page-28), Project 3. A-maze-ing game (Page-51), Project 4. Attacking the clones (Page-79),  a0bibccorignewd2eepcnf20gy-gencatlg 2ddccBK c591488d591488 00102ddc4070aMCSbMCScGENd2022-10-05l3o794.8151023,BREpMCS38117r2022-12-14s2022-11-15w2022-10-05yBKzAlmirah Fresh No.45, Shelf No.6